000 01098nam a22003137a 4500
003 CHAP
005 20220329133535.0
008 971013s1993 r 00010 d
010 _a7622
011 _a8594
035 _a7823
040 _cCHAP
082 _a635.964
_bC5
100 0 0 _aClarke, Bruce B.
_eed.
_923645
245 _aTurfgrass patch diseases
_b: caused by ectotrophic root-infecting fungi
260 _aSt. Paul, Minn. :
_bAmerican Phytopathological Society,
_c1993
300 _a161 p.
_b: láms. ; mapas
590 _aBATCH-UPD
_b10
_c20130110
_lUCH01
_h2020
590 _aBATCH-UPD
_b10
_c20130410
_lUCH01
_h1338
590 _aBATCH-UPD
_b10
_c20130914
_lUCH01
_h0957
590 _aCONVERSION
_b10
_c20130109
_lUCH01
_h1305
650 1 4 _aCésped
_xEnfermedades por hongos.
_924334
650 1 4 _aRaíces
_xEnfermedades.
_994673
700 0 _aGould, Ann B.
_eed.
_950110
901 _aBK
942 _cLIBRO
949 _a635.964 C5
_bBC
_cLIBRO
_d33724000002549
_eLIBRO
_gI.174839
_h87939
_i7823
_si
_t120.91
949 _a635.964 C5
_bBC
_cLIBRO
_d33724000082731
_eLIBRO
_fc.2
_h89619
_i7823
_si
_t205.00
999 _c7622
_d7622